| 000 | 00392nam a2200145 i 4500 | ||
|---|---|---|---|
| 001 | 64826 | ||
| 003 | ES-MaACL | ||
| 005 | 20230906165224.0 | ||
| 007 | t| | ||
| 008 | 040105s1931 fr ||||1| fre d | ||
| 100 | 1 |
_aFouquiéres, André de. _951953 |
|
| 245 | 1 | 4 |
_aLes amours de Lauzun / _cAndré de Fouquières. |
| 260 |
_aParís : _b[s.n., _c1931] ( _fE. Grevin) |
||
| 852 |
_aES-MaACL _jB-12627 |
||
| 999 |
_c64826 _d64826 |
||